000 00293nam a2200133Ia 4500
005 20251222143133.0
008 251222s9999||||xx |||||||||||||| ||spa||
082 _a291.2/R27
100 _aRatzinger, Joseph
245 0 _aEscatología:
250 _a2a.ed.
264 _bHerder
942 _cLIB
999 _c12016
_d12016